Welcome to CU Library Online Public Access Catalogue (OPAC)

Essentials of marketing : (Record no. 4352)

MARC details
000 -LEADER
fixed length control field 00894cam a22002534a 4500
001 - CONTROL NUMBER
control field 11767525
005 - DATE AND TIME OF LATEST TRANSACTION
control field 20250225165114.0
008 - FIXED-LENGTH DATA ELEMENTS--GENERAL INFORMATION
fixed length control field 990726s2000 maua 001 0 eng
020 ## - INTERNATIONAL STANDARD BOOK NUMBER
International Standard Book Number 0072894822 (alk. paper)
020 ## - INTERNATIONAL STANDARD BOOK NUMBER
International Standard Book Number 0071179089 (international ed.)
020 ## - INTERNATIONAL STANDARD BOOK NUMBER
International Standard Book Number 9780072894820
050 00 - LIBRARY OF CONGRESS CALL NUMBER
Classification number HF5415
Item number .M378 2000
082 00 - DEWEY DECIMAL CLASSIFICATION NUMBER
Classification number 658.8
Edition information 21
100 1# - MAIN ENTRY--PERSONAL NAME
Personal name Perreault, William D.
245 10 - TITLE STATEMENT
Title Essentials of marketing :
Remainder of title a global managerial approach /
Statement of responsibility, etc. William D. Perreault, Jr., E. Jerome McCarthy.
250 ## - EDITION STATEMENT
Edition statement 8th ed.
260 ## - PUBLICATION, DISTRIBUTION, ETC.
Place of publication, distribution, etc. Boston :
Name of publisher, distributor, etc. Irwin/McGraw-Hill,
Date of publication, distribution, etc. c2000.
300 ## - PHYSICAL DESCRIPTION
Extent xxvii, 592, 27, 10 p. :
Other physical details ill. (some col.) ;
Dimensions 28 cm. +
Accompanying material 1 computer laser optical disc (4 3/4 in.).
440 #4 - SERIES STATEMENT/ADDED ENTRY--TITLE
Title The Irwin/McGraw-Hill series in marketing
500 ## - GENERAL NOTE
General note Includes indexes.
650 #0 - SUBJECT ADDED ENTRY--TOPICAL TERM
Topical term or geographic name entry element Marketing.
700 1# - ADDED ENTRY--PERSONAL NAME
Personal name McCarthy, E. Jerome
Fuller form of name (Edmund Jerome)
942 ## - ADDED ENTRY ELEMENTS (KOHA)
Source of classification or shelving scheme Library of Congress Classification
Koha item type Books
Edition 8th Ed.
Suppress in OPAC No
999 ## -
-- 4352
-- 4352
Holdings
Withdrawn status Lost status Source of classification or shelving scheme Damaged status Not for loan Collection Home library Current library Shelving location Date acquired Total checkouts Full call number Barcode Date last seen Copy number Price effective from Koha item type
    Library of Congress Classification     Non-fiction Business Library (Miotso) Business Library (Miotso) General stacks 02/25/2025   HF5415 .M378 2000 BSSM00000993 02/25/2025 1 02/25/2025 Books
    Library of Congress Classification     Non-fiction Business Library (Miotso) Business Library (Miotso) General stacks 02/25/2025   HF5415 .M378 2000 BSSM00000994 02/25/2025 2 02/25/2025 Books
    Library of Congress Classification       Graduate Library (Christ Temple) Graduate Library (Christ Temple) General stacks 01/21/2026   HF5415PER gsct00001997 01/21/2026   01/21/2026 Books
    Library of Congress Classification       Graduate Library (Christ Temple) Graduate Library (Christ Temple) General stacks 01/21/2026   HF5415PER gsct00001998 01/21/2026   01/21/2026 Books
    Library of Congress Classification       Graduate Library (Christ Temple) Graduate Library (Christ Temple) General stacks 01/21/2026   HF5415PER gsct00001999 01/21/2026   01/21/2026 Books
© 2023-2024 Copyright: Central University Libraries. All Rights Reserved | Created by: Mahone Tech Office